000 00517nam a2200193Ia 4500
008 151119s9999||||xx |||||||||||||| ||und||
082 _a891.463
082 _bGKKV3500
100 _aबेडेकर विश्राम
245 _aरणांगण
260 _a--
260 _b--
260 _c1983
600 _aबेडेकर विश्राम
630 _aरणांगण
700 _aबेडेकर विश्राम
730 _aरणांगण
942 _cBOOK
999 _c1059113
_d1059110